000 00882cam a2200265 a 4500
001 31559
003 BD-RjUL
005 20211209051722.0
008 140420r19511906enk 000 0 eng d
035 _a(BD-RjUL)31647
040 _aDLC
_cDLC
_dYDX
_dBTCTA
_dDLC
_dBD-RjUL
_beng
041 _aeng
082 0 0 _a248.483
_222
_bLAS 1951
100 1 _aLaw, William,
_d1686-1761.
_996044
245 1 2 _aA serious call to a devout and holy life /
_cWilliam Law.
250 _a1st Hendrickson ed.
260 _aLondon :
_bJ. M. Dent & Sons,
_c1906 [Reprinted 1951]
300 _axii, 335 p. ;
_c23 cm.
500 _aOriginally published: London : J. Richardson, 1728.
504 _aIncludes bibliographical references and index.
650 0 _aChristian life
_xAnglican authors
_vEarly works to 1800.
_996045
942 _2ddc
_cBK
999 _c31559
_d31559